Statistics for Current NBA Players That Wear No. 6

Click here to take the quiz!

General Stats

  • This quiz has been taken 2 times
  • The average score is 5 of 16

Answer Stats

Player% Correct
LeBron James
100%
Kenyon Martin Jr.
50%
Keon Johnson
50%
Kristaps Porzingis
50%
Lance Stephenson
50%
Lou Williams
50%
Moses Brown
50%
Nickeil Alexander-Walker
50%
Alex Caruso
0%
Bryn Forbes
0%
David Duke Jr.
0%
Hamidou Diallo
0%
Jalen McDaniels
0%
Jordan McLaughlin
0%
Melvin Frazier Jr.
0%
Quentin Grimes
0%

Score Distribution

Percentile by Number Answered

Percent of People with Each Score

Your Score History

You have not taken this quiz